书目信息 |
| 题名: |
女性的力量
|
|
| 作者: | 理查兹 著 ;刘文婷 , 王晓彦 , 童俊 , 古德曼 译 | |
| 分册: | ||
| 出版信息: | 上海 世界图书出版公司上海公司 2017 |
|
| 页数: | 52,460页 | |
| 开本: | 24cm | |
| 丛书名: | ||
| 单 册: | ||
| 中图分类: | B844.5 | |
| 科图分类: | ||
| 主题词: | 女性心理学 | |
| 电子资源: | ||
| ISBN: | 978-7-5192-2553-7 | |
| 000 | 01516nam0 2200313 450 | |
| 001 | 7252 | |
| 005 | 20180605113546.25 | |
| 010 | @a978-7-5192-2553-7@dCNY78.00 | |
| 100 | @a20170524d2017 em y0chiy50 ea | |
| 101 | 1 | @achi@ceng |
| 102 | @aCN@b110000 | |
| 105 | @ay az 000yy | |
| 200 | 1 | @a女性的力量@9nv xing de li liang@e精神分析取向@dPsychoanalysis@elistening understand@f(美)阿琳·克莱默·理查兹(Arlene Kramer Richards)著@g(美)南希·古德曼(Nancy Goodman)整理@g刘文婷,王晓彦,童俊译@zeng |
| 210 | @a上海@c世界图书出版公司上海公司@d2017 | |
| 215 | @a52,460页@d24cm | |
| 314 | @a阿琳·克莱默·理查兹 (Arlene Kramer Richards),女,教育学博士,美国精神分析训练与研究中心研究院、培训与督导分析师,当代弗洛伊德学会与国家精神分析协会分析师,华中科技大学同济学院第九临床学院客座教授。主要编著作品包括:《穿越孤独:精神分析师眼中的孤独与孤单》等。 | |
| 320 | @a有书目 | |
| 330 | @a本书中包含作者的突破性想法和她将这些想法传达给我们的方式。可以在本书找到一个有关女性发展、创造力和诗歌、妥协导致的变态心理和极度寂寞之体验的深层精神分析世界。 | |
| 510 | 1 | @aPsychoanalysis@elistening understand@zeng |
| 517 | 1 | @a精神分析取向@9jing shen fen xi qu xiang |
| 606 | 0 | @a女性心理学 |
| 690 | @aB844.5@v5 | |
| 701 | 0 | @c(美)@a理查兹@9li cha zi@c(Richards, Arlene Kramer)@4著 |
| 702 | 0 | @a刘文婷@9liu wen ting@4译 |
| 702 | 0 | @a王晓彦@9wang xiao yan@4译 |
| 702 | 0 | @a童俊@9tong jun@4译 |
| 702 | 0 | @c(美)@a古德曼@9gu de man@c(Goodman, Nancy)@4整理 |
| 801 | 0 | @aCN@b91MARC@c20170524 |
| 905 | @aMuseLib@dB844.5@e2403 | |
| 女性的力量:精神分析取向=Psychoanalysis:listening understand/(美)阿琳·克莱默·理查兹(Arlene Kramer Richards)著/(美)南希·古德曼(Nancy Goodman)整理/刘文婷,王晓彦,童俊译.-上海:世界图书出版公司上海公司,2017 |
| 52,460页;24cm |
| ISBN 978-7-5192-2553-7:CNY78.00 |
| 本书中包含作者的突破性想法和她将这些想法传达给我们的方式。可以在本书找到一个有关女性发展、创造力和诗歌、妥协导致的变态心理和极度寂寞之体验的深层精神分析世界。 |
| ● |
| 相关链接 |
|
|
|
|
正题名:女性的力量
索取号:B844.5/2403
 
预约/预借
| 序号 | 登录号 | 条形码 | 馆藏地/架位号 | 状态 | 备注 |
| 1 | 1117073 | 211170739 | 第一样本阅览室/ [索取号:B844.5/2403] | 在馆 | |
| 2 | 1117074 | 211170748 | 教育系资料室/ [索取号:B844.5/2403] | 在馆 | |
| 3 | 1117075 | 211170757 | 教育系资料室/ [索取号:B844.5/2403] | 在馆 | |
| 4 | 1117076 | 211170766 | 第一借阅区/ [索取号:B844.5/2403] | 在馆 |